wszystkie rudy w Minecraft - Statystyki

Ogólne statystyki
  • Ten quiz został rozwiązany 53 razy
  • Średni wynik to 9 z 11
Statystyki odpowiedzi
wymiar ruda % Poprawnych
zwykły świat diament
100%
zwykły świat żelazo
100%
zwykły świat złoto
100%
zwykły świat redstone
93%
nether kwarc
88%
zwykły świat węgiel
88%
zwykły świat miedź
85%
zwykły świat lazuryt
73%
nether pradawne zgliszcza / netheryt
73%
zwykły świat szmaragd
73%
nether netherowe złoto
35%
Nie znaleziono quizów pasujących do podanych kryteriów
Rozkład punktacji
Procent ludzi z każdym wynikiem
Percentyl według liczby udzielonych odpowiedzi
Twoja historia wyników
Nie rozwiązałeś tego quizu